[Event "Zuerich op-B 25th"]
[Site "Zuerich"]
[Date "2001.??.??"]
[Round "1"]
[White "Rickenbach, Jakob"]
[Black "Kruemmel, Thomas"]
[Result "1-0"]
[WhiteElo "1880"]
[BlackElo "1644"]
[PlyCount "73"]
[EventDate "2001.12.26"]
[EventType "swiss"]
[EventRounds "7"]
[EventCountry "SUI"]
[SourceTitle "EXT 2019"]
[Source "ChessBase"]
[SourceDate "2018.10.10"]
[SourceVersion "1"]
[SourceVersionDate "2018.10.10"]
[SourceQuality "1"]

1. Nf3 Nf6 2. e3 g6 3. c4 Bg7 4. Nc3 b6 5. d4 Bb7 6. Be2 0-0 7. Qc2 d6 8. e4 Nbd7 9. h3 e5 10. d5 c6 11. Bg5 Qc7 12. Rc1 Rac8 13. 0-0 cxd5 14. Bxf6 Nxf6 15. cxd5 Qe7 16. Nh2 Bh6 17. Rcd1 Nh5 18. Bxh5 gxh5 19. Qe2 Qg5 20. Nf3 Qf4 21. g3 Qf6 22. Nh4 Qg5 23. Nf5 Rcd8 24. h4 Qf6 25. Qxh5 Bg7 26. Kh2 Kh8 27. Nxg7 Qxg7 28. f4 Rg8 29. Qg5 Qf8 30. Qf6+ Rg7 31. h5 Kg8 32. fxe5 dxe5 33. Rf5 Rd6 34. Qxe5 Bc8 35. Rg5 Rxg5 36. Qxg5+ Kh8 37. e5 1-0